[Event "AUT-chT (Women) 2324"]
[Site "Austria"]
[Date "2024.03.24"]
[Round "6.2"]
[White "Batyte, Daiva"]
[Black "Schloffer, Jasmin Denise"]
[Result "1-0"]
[WhiteElo "2046"]
[BlackElo "2167"]
[PlyCount "67"]
[EventDate "2023.11.24"]
[EventType "team-tourn"]
[EventRounds "9"]
[EventCountry "AUT"]
[SourceTitle "CB16_2024"]
[SourceDate "2024.04.17"]
[SourceVersion "1"]
[SourceVersionDate "2024.04.17"]
[SourceQuality "1"]
[WhiteTeam "Lienz (W)"]
[BlackTeam "Mayrhofen/Zillertal (W)"]
[WhiteTeamCountry "AUT"]
[BlackTeamCountry "AUT"]

1. Nf3 Nf6 2. b3 e6 3. Bb2 b6 4. g3 Bb7 5. Bg2 Be7 6. 0-0 0-0 7. c4 c5 8. Nc3 d6 9. e3 Nbd7 10. d4 a6 11. Re1 Qc7 12. e4 cxd4 13. Nxd4 Rfe8 14. h3 Rac8 15. a4 Qb8 16. a5 bxa5 17. Rxa5 d5 18. exd5 exd5 19. Rxe7 Rxe7 20. Nxd5 Bxd5 21. Bxd5 Qb4 22. Ra4 Re1+ 23. Kg2 Qe7 24. Qd2 Nxd5 25. cxd5 Qe4+ 26. Nf3 Re2 27. Rb4 Qd4 28. Rxd4 Re3 29. Re4 Rxe4 30. Ng5 Ree8 31. Qd3 g6 32. Qd4 f6 33. Ne4 Rf8 34. Ba3 1-0

[Event "AUT-chT (Women) 2324"]
[Site "Austria"]
[Date "2024.03.23"]
[Round "5.2"]
[White "Terbe, Zsuzsanna"]
[Black "Batyte, Daiva"]
[Result "1/2-1/2"]
[WhiteElo "2178"]
[BlackElo "2046"]
[PlyCount "68"]
[EventDate "2023.11.24"]
[EventType "team-tourn"]
[EventRounds "9"]
[EventCountry "AUT"]
[SourceTitle "CB16_2024"]
[SourceDate "2024.04.17"]
[SourceVersion "1"]
[SourceVersionDate "2024.04.17"]
[SourceQuality "1"]
[WhiteTeam "Wulkaprodersdorf (W)"]
[BlackTeam "Lienz (W)"]
[WhiteTeamCountry "AUT"]
[BlackTeamCountry "AUT"]

1. d4 d5 2. c4 e6 3. Nc3 Nf6 4. cxd5 exd5 5. Bg5 Be7 6. e3 c6 7. Bd3 h6 8. Bh4 Nbd7 9. Qc2 b6 10. Nf3 Bb7 11. 0-0 0-0 12. h3 c5 13. dxc5 bxc5 14. Be2 Rc8 15. Rfd1 Re8 16. Rac1 Qb6 17. Qb1 Qe6 18. Bg3 Bd6 19. Bxd6 Qxd6 20. Qd3 Ne5 21. Nxe5 Rxe5 22. Bf3 Qe7 23. Rc2 Rb8 24. Na4 d4 25. Bxb7 Rxb7 26. exd4 cxd4 27. Rc8+ Ne8 28. b3 Rd7 29. Kf1 g6 30. Rc4 Nf6 31. g3 Qe6 32. Kg2 Rh5 33. h4 Rf5 34. Rd2 Qd5+ 1/2-1/2

[Event "AUT-chT (Women) 2324"]
[Site "Austria"]
[Date "2023.11.25"]
[Round "2.1"]
[White "Wagner, Dinara"]
[Black "Batyte, Daiva"]
[Result "1-0"]
[WhiteElo "2467"]
[BlackElo "2058"]
[PlyCount "87"]
[EventDate "2023.11.24"]
[EventType "team-tourn"]
[EventRounds "9"]
[EventCountry "AUT"]
[SourceTitle "CB48_2023"]
[SourceDate "2023.11.29"]
[SourceVersion "1"]
[SourceVersionDate "2023.11.29"]
[SourceQuality "1"]
[WhiteTeam "Baden (W)"]
[BlackTeam "Lienz (W)"]
[WhiteTeamCountry "AUT"]
[BlackTeamCountry "AUT"]

1. d4 d5 2. c4 e6 3. Nf3 Nf6 4. g3 Bb4+ 5. Bd2 Bxd2+ 6. Nbxd2 Nbd7 7. Bg2 0-0 8. Rc1 b6 9. cxd5 exd5 10. 0-0 c5 11. Qa4 Re8 12. e3 a5 13. Rfd1 Ba6 14. Qa3 Be2 15. Re1 Ba6 16. b3 Bd3 17. Qb2 Qb8 18. Nb1 h6 19. Nc3 Be4 20. Nxe4 dxe4 21. Nd2 a4 22. b4 a3 23. Qb3 Qd6 24. Nc4 Qe7 25. Nxa3 cxb4 26. Nc2 Nh7 27. Nxb4 Rac8 28. Nd5 Qd6 29. Rxc8 Rxc8 30. Bxe4 Ng5 31. Bg2 h5 32. e4 Ne6 33. e5 Qf8 34. Rd1 Rd8 35. Nxb6 Nxd4 36. Rxd4 Nxe5 37. Rxd8 Qxd8 38. Nd5 Ng4 39. h3 Ne5 40. Qb6 Qe8 41. Qe3 Qb8 42. Qg5 Qb1+ 43. Kh2 Qb2 44. Nf6+ 1-0

[Event "AUT-chT (Women) 2223"]
[Site "Austria"]
[Date "2023.03.04"]
[Round "6.2"]
[White "Batyte, Daiva"]
[Black "Matnadze, Ana"]
[Result "0-1"]
[WhiteElo "2098"]
[BlackElo "2400"]
[PlyCount "104"]
[EventDate "2022.10.21"]
[EventType "team-tourn"]
[EventRounds "9"]
[EventCountry "AUT"]
[SourceTitle "EXT 2024"]
[Source "ChessBase"]
[SourceDate "2023.10.10"]
[SourceVersion "1"]
[SourceVersionDate "2023.10.10"]
[SourceQuality "1"]
[WhiteTeam "Lienz (W)"]
[BlackTeam "Pamhagen (W)"]
[WhiteTeamCountry "AUT"]
[BlackTeamCountry "AUT"]

1. c4 Nf6 2. Nc3 e6 3. Nf3 b6 4. g3 Bb7 5. Bg2 g6 6. d4 Bg7 7. 0-0 0-0 8. Re1 Ne4 9. Nxe4 Bxe4 10. Ng5 Bxg2 11. Kxg2 d5 12. cxd5 Qxd5+ 13. Nf3 Nc6 14. e4 Qb5 15. Bf4 Qxb2 16. Re2 Qb4 17. Rb1 Qa3 18. Bxc7 Rac8 19. Bf4 Rfd8 20. Rd2 Na5 21. Qe2 h6 22. h4 Nc4 23. Rb3 Qa4 24. Rd1 Na5 25. Rbd3 Nc6 26. Be3 Nb4 27. R3d2 Nc2 28. Ne1 Nxd4 29. Bxd4 Rxd4 30. Rxd4 Bxd4 31. Nf3 Bg7 32. Rd2 Qc6 33. Qd3 a5 34. Qd6 Qxe4 35. Rd3 Bf6 36. Re3 Qb4 37. Rxe6 Qxd6 38. Rxd6 Kg7 39. Rd2 b5 40. Nh2 b4 41. Ng4 Rd8 42. Rxd8 Bxd8 43. Kf1 a4 44. Ne3 b3 45. axb3 axb3 46. Nc4 Bf6 47. Ke2 b2 48. Nd2 Bc3 49. Nb1 Bb4 50. f3 Kf6 51. g4 Ke5 52. Ke3 Bc5+ 0-1

[Event "Vienna (Women)"]
[Site "Vienna"]
[Date "2023.02.10"]
[Round "5"]
[White "Batyte, Daiva"]
[Black "Urh, Zala"]
[Result "0-1"]
[WhiteElo "2091"]
[BlackElo "2288"]
[PlyCount "132"]
[EventDate "2023.02.07"]
[EventType "tourn"]
[EventRounds "9"]
[EventCountry "AUT"]
[SourceTitle "CBM 212 Extra"]
[Source "ChessBase"]
[SourceDate "2023.03.31"]
[SourceVersion "1"]
[SourceVersionDate "2023.03.31"]
[SourceQuality "1"]

1. d4 Nf6 2. c4 e6 3. Nc3 Bb4 4. a3 Bxc3+ 5. bxc3 c5 6. e3 Nc6 7. Nf3 0-0 8. Bd3 b6 9. 0-0 d6 10. h3 e5 11. e4 h6 12. a4 Re8 13. Re1 Ba6 14. d5 Na5 15. Nh4 Bc8 16. Nf3 Nh7 17. Nh2 Qh4 18. Re3 Bd7 19. Rg3 Kh8 20. Ra2 Rf8 21. Nf3 Qe7 22. Nh2 f5 23. exf5 Bxf5 24. Ng4 Qh4 25. Bf1 Rf7 26. Be3 Raf8 27. Nh2 Bd7 28. Bd3 e4 29. Be2 Nf6 30. Nf1 Bf5 31. Nd2 Nd7 32. Bg4 Ne5 33. Qe2 Nd3 34. Bxf5 Rxf5 35. Rg4 Qd8 36. Nxe4 Ne5 37. Ng3 Nxg4 38. Nxf5 Ne5 39. Qh5 Qf6 40. Ng3 Naxc4 41. Ne4 Qf5 42. Qxf5 Rxf5 43. Ng3 Rf7 44. Re2 Nd3 45. Ra2 Kg8 46. h4 Re7 47. Nf1 Re5 48. Nd2 Nxe3 49. fxe3 Rxd5 50. Nc4 Ne5 51. Rd2 Rxd2 52. Nxd2 Kf7 53. Kf1 Ke6 54. g3 Nd3 55. Nb3 Nb2 56. a5 Nd1 57. axb6 axb6 58. Ke2 Nxc3+ 59. Kd3 Nd5 60. Nd2 b5 61. Ne4 c4+ 62. Kd4 Ne7 63. Nc3 Nc6+ 64. Ke4 b4 65. Nd5 b3 66. g4 b2 0-1

[Event "Vienna (Women)"]
[Site "Vienna"]
[Date "2023.02.10"]
[Round "6"]
[White "Teuschler, Barbara"]
[Black "Batyte, Daiva"]
[Result "1/2-1/2"]
[WhiteElo "2067"]
[BlackElo "2091"]
[PlyCount "35"]
[EventDate "2023.02.07"]
[EventType "tourn"]
[EventRounds "9"]
[EventCountry "AUT"]
[SourceTitle "CBM 212 Extra"]
[Source "ChessBase"]
[SourceDate "2023.03.31"]
[SourceVersion "1"]
[SourceVersionDate "2023.03.31"]
[SourceQuality "1"]

1. e4 e6 2. d4 d5 3. Nc3 Nf6 4. e5 Nfd7 5. f4 c5 6. Nf3 cxd4 7. Nxd4 Nc6 8. Be3 a6 9. Qd2 Nxd4 10. Bxd4 Bc5 11. 0-0-0 Bxd4 12. Qxd4 Qb6 13. Qxb6 Nxb6 14. Ne2 Bd7 15. Nd4 0-0 16. Bd3 Bb5 17. Kb1 Bxd3 18. cxd3 1/2-1/2

[Event "AUT-chT (Women) 2223"]
[Site "Austria"]
[Date "2022.10.23"]
[Round "4.1"]
[White "Kiolbasa, Oliwia"]
[Black "Batyte, Daiva"]
[Result "1-0"]
[WhiteElo "2404"]
[BlackElo "2098"]
[PlyCount "53"]
[EventDate "2022.10.21"]
[EventType "team-tourn"]
[EventRounds "9"]
[EventCountry "AUT"]
[SourceTitle "EXT 2024"]
[Source "ChessBase"]
[SourceDate "2023.10.10"]
[SourceVersion "1"]
[SourceVersionDate "2023.10.10"]
[SourceQuality "1"]
[WhiteTeam "Baden (W)"]
[BlackTeam "Lienz (W)"]
[WhiteTeamCountry "AUT"]
[BlackTeamCountry "AUT"]

1. e4 e6 2. d4 d5 3. e5 c5 4. c3 Qb6 5. Nf3 Nc6 6. Bd3 cxd4 7. 0-0 Bd7 8. Re1 dxc3 9. Nxc3 0-0-0 10. a3 f6 11. exf6 Nxf6 12. b4 Bd6 13. Nb5 Bc7 14. Be3 d4 15. Nfxd4 Nxd4 16. Bxd4 Bxb5 17. Bxb6 axb6 18. Re3 Rd4 19. Qc2 Bd7 20. Rc1 Ne8 21. Re4 Rxe4 22. Bxe4 Kb8 23. Bf3 g6 24. a4 Rf8 25. a5 bxa5 26. bxa5 Bxa5 27. Qc5 1-0

[Event "AUT-chT (Women) 2122"]
[Site "Austria"]
[Date "2022.03.25"]
[Round "5.2"]
[White "Batyte, Daiva"]
[Black "Katter, Marlene"]
[Result "1/2-1/2"]
[WhiteElo "2124"]
[BlackElo "1785"]
[PlyCount "128"]
[EventDate "2021.11.06"]
[EventType "team-tourn"]
[EventRounds "9"]
[EventCountry "AUT"]
[SourceTitle "EXT 2023"]
[Source "ChessBase"]
[SourceDate "2022.10.05"]
[SourceVersion "1"]
[SourceVersionDate "2022.10.05"]
[SourceQuality "1"]
[WhiteTeam "Steyr (W)"]
[BlackTeam "Lienz (W)"]
[WhiteTeamCountry "AUT"]
[BlackTeamCountry "AUT"]

1. c4 e6 2. g3 d5 3. Bg2 Nf6 4. Nf3 dxc4 5. Qc2 c6 6. Qxc4 b5 7. Qc2 Bb7 8. d4 Nbd7 9. Nc3 a6 10. Nd2 Qb6 11. a4 Be7 12. 0-0 0-0 13. Nb3 c5 14. a5 Qa7 15. Bxb7 Qxb7 16. Bg5 Rac8 17. dxc5 Nxc5 18. Nxc5 Rxc5 19. Be3 Rcc8 20. Qb3 Bc5 21. Bxc5 Rxc5 22. Rfd1 Qc7 23. Rd4 h6 24. Qd1 e5 25. Nd5 Nxd5 26. Rxd5 Rxd5 27. Qxd5 Rd8 28. Qe4 Qc5 29. Kg2 Qd5 30. Qf3 Qxf3+ 31. Kxf3 Rd2 32. Rc1 b4 33. Rc6 Rxb2 34. Rxa6 b3 35. Rb6 Ra2 36. a6 b2 37. h4 Rxa6 38. Rxb2 h5 39. Rb5 f6 40. Rb2 Ra4 41. e3 Kf7 42. Rb7+ Kg6 43. Rd7 Rb4 44. e4 Rb3+ 45. Ke2 Rb2+ 46. Ke3 Rb3+ 47. Rd3 Rb2 48. Kf3 Rb4 49. Ke3 Rb2 50. f4 exf4+ 51. Kxf4 Rb6 52. Rd5 Rb4 53. Rd1 Ra4 54. Rg1 f5 55. Re1 fxe4 56. Rxe4 Rxe4+ 57. Kxe4 Kf6 58. Kf4 g6 59. Ke4 Ke6 60. Kf4 Kf6 61. Ke4 Ke6 62. Kf4 Kf6 63. Ke4 Ke6 64. Kf4 Kf6 1/2-1/2

[Event "AUT-chT2O 2122"]
[Site "Austria"]
[Date "2022.02.26"]
[Round "6.3"]
[White "Batyte, Daiva"]
[Black "Groetz, Harald"]
[Result "1/2-1/2"]
[WhiteElo "2140"]
[BlackElo "2299"]
[PlyCount "61"]
[EventDate "2021.10.16"]
[EventType "team-tourn"]
[EventRounds "11"]
[EventCountry "AUT"]
[SourceTitle "EXT 2023"]
[Source "ChessBase"]
[SourceDate "2022.10.05"]
[SourceVersion "1"]
[SourceVersionDate "2022.10.05"]
[SourceQuality "1"]
[WhiteTeam "Poechlarn"]
[BlackTeam "Mistelbach/Altlichtenwarth"]
[WhiteTeamCountry "AUT"]
[BlackTeamCountry "AUT"]

1. c4 e5 2. Nc3 Nc6 3. g3 g6 4. Bg2 Bg7 5. e3 d6 6. Nge2 f5 7. d4 e4 8. f3 exf3 9. Bxf3 Nf6 10. Nd5 0-0 11. 0-0 Ne7 12. Nxf6+ Bxf6 13. Bd2 c6 14. Qb3 Qc7 15. d5 c5 16. Bc3 Bd7 17. Nf4 Rae8 18. Bxf6 Rxf6 19. Qc3 Rf7 20. e4 fxe4 21. Bxe4 Nf5 22. Bxf5 Bxf5 23. Rae1 Rfe7 24. a3 Re5 25. Rxe5 Rxe5 26. Re1 Qe7 27. Rxe5 Qxe5 28. Qxe5 dxe5 29. Ng2 Bd3 30. Ne3 Kf8 31. Kf2 1/2-1/2

[Event "AUT-chT2O 2122"]
[Site "Austria"]
[Date "2022.02.13"]
[Round "5.3"]
[White "Batyte, Daiva"]
[Black "Jablonicky, Martin"]
[Result "1/2-1/2"]
[WhiteElo "2140"]
[BlackElo "2333"]
[PlyCount "102"]
[EventDate "2021.10.16"]
[EventType "team-tourn"]
[EventRounds "11"]
[EventCountry "AUT"]
[SourceTitle "EXT 2023"]
[Source "ChessBase"]
[SourceDate "2022.10.05"]
[SourceVersion "1"]
[SourceVersionDate "2022.10.05"]
[SourceQuality "1"]
[WhiteTeam "Poechlarn"]
[BlackTeam "Mattersburg"]
[WhiteTeamCountry "AUT"]
[BlackTeamCountry "AUT"]

1. c4 g6 2. Nf3 Bg7 3. Nc3 Nf6 4. g3 0-0 5. Bg2 Nc6 6. 0-0 d6 7. d3 e5 8. Bd2 Nd4 9. Nxd4 exd4 10. Nd5 Nd7 11. Qc1 c6 12. Nf4 a5 13. e3 dxe3 14. Bxe3 Re8 15. h3 a4 16. Rb1 h5 17. b4 axb3 18. axb3 Nf8 19. b4 Bd7 20. b5 Qc8 21. bxc6 bxc6 22. Rb3 Ne6 23. Nxe6 Bxe6 24. Kh2 h4 25. Bf4 hxg3+ 26. Bxg3 Qd7 27. Rb6 Rec8 28. Qf4 Ra3 29. Qxd6 Qxd6 30. Bxd6 Rxd3 31. c5 Bd5 32. Bxd5 Rxd5 33. Rfb1 Bd4 34. Rb8 Rxb8 35. Rxb8+ Kg7 36. f4 Kf6 37. Rc8 Bxc5 38. Be5+ Kf5 39. Rxc6 Ke4 40. Kg3 Rd3+ 41. Kg4 Bf2 42. Rc4+ Kd5 43. Rc3 Rd1 44. Rc7 Ke4 45. Rc4+ Kd5 46. Rc7 Ke6 47. Rc6+ Kd7 48. Rc7+ Ke6 49. Rc6+ Kd7 50. Rc7+ Ke6 51. Rc6+ Kd7 1/2-1/2

[Event "AUT-chT2O 2122"]
[Site "Austria"]
[Date "2022.01.15"]
[Round "3.2"]
[White "Batyte, Daiva"]
[Black "Scheffknecht, Philipp"]
[Result "0-1"]
[WhiteElo "2140"]
[BlackElo "2037"]
[PlyCount "82"]
[EventDate "2021.10.16"]
[EventType "team-tourn"]
[EventRounds "11"]
[EventCountry "AUT"]
[SourceTitle "EXT 2023"]
[Source "ChessBase"]
[SourceDate "2022.10.05"]
[SourceVersion "1"]
[SourceVersionDate "2022.10.05"]
[SourceQuality "1"]
[WhiteTeam "Poechlarn"]
[BlackTeam "Krems Voest"]
[WhiteTeamCountry "AUT"]
[BlackTeamCountry "AUT"]

1. c4 Nf6 2. Nc3 g6 3. g3 Bg7 4. Bg2 0-0 5. e3 e5 6. Nge2 d6 7. 0-0 c6 8. d4 Re8 9. dxe5 dxe5 10. Qxd8 Rxd8 11. b3 Na6 12. Ba3 Bf8 13. Bxf8 Kxf8 14. Rad1 Bg4 15. h3 Bxe2 16. Nxe2 Ke7 17. Nc3 Rxd1 18. Rxd1 Rd8 19. Bf3 Nc5 20. b4 Rxd1+ 21. Bxd1 Nfe4 22. Nxe4 Nxe4 23. g4 Nc3 24. Bb3 Ne2+ 25. Kg2 Nc1 26. Kf3 Nxb3 27. axb3 h6 28. h4 f5 29. h5 Kf6 30. hxg6 Kxg6 31. gxf5+ Kxf5 32. e4+ Kg5 33. Kg3 h5 34. Kf3 h4 35. b5 cxb5 36. cxb5 Kh5 37. b4 Kg5 38. Ke3 Kg4 39. Ke2 Kf4 40. Kf1 Kxe4 41. Kg2 Kf4 0-1

[Event "AUT-chT2O 1920"]
[Site "Austria"]
[Date "2020.03.01"]
[Round "9.5"]
[White "Batyte, Daiva"]
[Black "Mozny, Milos"]
[Result "1/2-1/2"]
[WhiteElo "2145"]
[BlackElo "2256"]
[PlyCount "60"]
[EventDate "2019.10.19"]
[EventType "team-tourn"]
[EventRounds "11"]
[EventCountry "AUT"]
[SourceTitle "CBM 195 Extra"]
[Source "ChessBase"]
[SourceDate "2020.05.31"]
[SourceVersion "1"]
[SourceVersionDate "2020.05.31"]
[SourceQuality "1"]
[WhiteTeam "Poechlarn"]
[BlackTeam "Hietzing"]
[WhiteTeamCountry "AUT"]
[BlackTeamCountry "AUT"]

1. Nf3 d5 2. c4 e6 3. g3 c5 4. Bg2 Nc6 5. 0-0 Nf6 6. cxd5 exd5 7. d4 c4 8. Nc3 Be7 9. Ne5 0-0 10. b3 cxb3 11. Nxc6 bxc6 12. axb3 Bb4 13. Bb2 a5 14. Na4 Ba6 15. Nc5 Bb5 16. Nd3 Qe7 17. Qc2 Rfe8 18. e3 Ne4 19. Rfd1 Bd6 20. Bc3 Nxc3 21. Qxc3 a4 22. bxa4 Bxa4 23. Rdc1 Bb5 24. Nc5 Bxc5 25. Qxc5 Qxc5 26. dxc5 Kf8 27. Rcb1 Rxa1 28. Rxa1 Rd8 29. h4 h6 30. Bf3 g5 1/2-1/2

[Event "AUT-chT2O 1920"]
[Site "Austria"]
[Date "2019.11.16"]
[Round "3.4"]
[White "Kuntner, Reinhard"]
[Black "Batyte, Daiva"]
[Result "0-1"]
[WhiteElo "2049"]
[BlackElo "2145"]
[PlyCount "123"]
[EventDate "2019.10.19"]
[EventType "team-tourn"]
[EventRounds "11"]
[EventCountry "AUT"]
[SourceTitle "CBM 193 Extra"]
[Source "ChessBase"]
[SourceDate "2020.01.31"]
[SourceVersion "1"]
[SourceVersionDate "2020.01.31"]
[SourceQuality "1"]
[WhiteTeam "Wiener Amateur CC"]
[BlackTeam "Poechlarn"]
[WhiteTeamCountry "AUT"]
[BlackTeamCountry "AUT"]

1. d4 Nf6 2. c4 g6 3. Nc3 Bg7 4. e4 d6 5. f3 Nbd7 6. Be3 c5 7. Nge2 cxd4 8. Nxd4 0-0 9. Qd2 Nc5 10. Be2 Bd7 11. 0-0 a5 12. b3 Ne6 13. Nxe6 Bxe6 14. Rac1 Nd7 15. Kh1 Nc5 16. Rfd1 Qc8 17. Nd5 Bxd5 18. cxd5 b6 19. Bb5 Qd8 20. g4 Rc8 21. Rc4 e5 22. Rg1 f6 23. Bc6 Rf7 24. Qd1 Rb8 25. a3 Ra7 26. Qc2 Bf8 27. Rc1 b5 28. Bxc5 dxc5 29. Rxc5 Bxc5 30. Qxc5 Qb6 31. Qxb6 Rxb6 32. d6 Kf8 33. Rc5 b4 34. a4 Rb8 35. Bb5 Rd8 36. d7 Ke7 37. Kg2 Rb7 38. Kf2 h5 39. g5 Rb6 40. Ke3 Rd6 41. gxf6+ Kxf6 42. f4 exf4+ 43. Kxf4 Rd2 44. Rc6+ Kf7 45. e5 Rxh2 46. Rf6+ Kg7 47. Rd6 Rh4+ 48. Kg3 Re4 49. e6 Kf6 50. Bc4 Ke7 51. Ra6 Re5 52. Bb5 Rxe6 53. Rxa5 Re3+ 54. Kf4 Rxb3 55. Ra6 Rf8+ 56. Ke4 Rg3 57. Kd5 Rg5+ 58. Kc6 b3 59. Ra7 Rd8 60. Bd3 Rg3 61. Be4 b2 62. Ra5 0-1

[Event "Olympiad Women-43"]
[Site "Batumi"]
[Date "2018.10.05"]
[Round "11.3"]
[White "Batyte, Daiva"]
[Black "Sultana, Sharmin Shirin"]
[Result "1-0"]
[WhiteElo "2172"]
[BlackElo "1974"]
[PlyCount "125"]
[EventDate "2018.09.24"]
[EventType "team-swiss"]
[EventRounds "11"]
[EventCountry "GEO"]
[SourceTitle "EXT 2020"]
[Source "ChessBase"]
[SourceDate "2019.10.17"]
[SourceVersion "1"]
[SourceVersionDate "2019.10.17"]
[SourceQuality "1"]
[WhiteTeam "Lithuania (W)"]
[BlackTeam "Bangladesh (W)"]
[WhiteTeamCountry "LTU"]
[BlackTeamCountry "BAN"]

1. Nf3 d5 2. g3 Nf6 3. Bg2 c5 4. c4 d4 5. 0-0 Nc6 6. d3 e5 7. Nbd2 Be7 8. Nb3 0-0 9. Bg5 Nd7 10. h4 Kh8 11. Qc1 Rb8 12. a4 b6 13. a5 a6 14. Bxe7 Qxe7 15. e3 Nb4 16. exd4 exd4 17. Qd2 b5 18. Rfe1 Qd6 19. cxb5 Rxb5 20. Ng5 Nf6 21. Qe2 h6 22. Ne4 Nxe4 23. Bxe4 Be6 24. Nd2 Qc7 25. Rac1 Rxa5 26. Nf3 Bg4 27. Qd2 Qd6 28. Nh2 Bd7 29. Qe2 f5 30. Bg2 Rb5 31. Nf3 Bc6 32. Ne5 Bxg2 33. Kxg2 Nd5 34. Rc2 Ne3+ 35. fxe3 Qxe5 36. Qf3 Rfb8 37. Qf2 dxe3 38. Rxe3 Qd5+ 39. Qf3 Qxf3+ 40. Kxf3 Rxb2 41. Rxc5 R2b5 42. Ree5 g6 43. h5 Rxc5 44. Rxc5 Ra8 45. hxg6 Kg7 46. Kf4 Kxg6 47. Rc6+ Kh5 48. Kxf5 Rf8+ 49. Ke4 Ra8 50. d4 a5 51. Rc3 Kg5 52. d5 Kf6 53. Rf3+ Ke7 54. Ke5 Ra6 55. Rb3 Ra7 56. d6+ Kd7 57. Rf3 Ra8 58. Rf7+ Kc6 59. Rc7+ Kb6 60. Rc1 Rg8 61. d7 Rg5+ 62. Ke6 Rg8 63. Rc8 1-0

[Event "Olympiad Women-43"]
[Site "Batumi"]
[Date "2018.10.01"]
[Round "7.9"]
[White "Chumpitaz Carbajal, Ann"]
[Black "Batyte, Daiva"]
[Result "1-0"]
[WhiteElo "2222"]
[BlackElo "2172"]
[PlyCount "67"]
[EventDate "2018.09.24"]
[EventType "team-swiss"]
[EventRounds "11"]
[EventCountry "GEO"]
[SourceTitle "EXT 2020"]
[Source "ChessBase"]
[SourceDate "2019.10.17"]
[SourceVersion "1"]
[SourceVersionDate "2019.10.17"]
[SourceQuality "1"]
[WhiteTeam "Peru (W)"]
[BlackTeam "Lithuania (W)"]
[WhiteTeamCountry "PER"]
[BlackTeamCountry "LTU"]

1. e4 e6 2. d4 d5 3. e5 c5 4. c3 Nc6 5. Nf3 cxd4 6. cxd4 Nh6 7. Bd3 Nf5 8. Bxf5 exf5 9. a3 Be7 10. Nc3 Be6 11. h4 h6 12. b4 Rc8 13. Qd3 Qd7 14. Bd2 a6 15. g3 b5 16. Kf1 f6 17. exf6 Bxf6 18. Ne2 0-0 19. Nf4 Rfe8 20. Kg2 Bf7 21. h5 Re4 22. Be3 Qe8 23. Rac1 Ne7 24. Nd2 Rxc1 25. Rxc1 Rxf4 26. Bxf4 Bxh5 27. Qe3 Nc6 28. Nb3 g5 29. Bd6 Qd7 30. Rxc6 Bd1 31. Nc5 Qxc6 32. Qe6+ Kh7 33. Qf7+ Bg7 34. Ne6 1-0

[Event "Olympiad Women-43"]
[Site "Batumi"]
[Date "2018.09.30"]
[Round "6.7"]
[White "Batyte, Daiva"]
[Black "Nakhbayeva, Guliskhan"]
[Result "0-1"]
[WhiteElo "2172"]
[BlackElo "2394"]
[PlyCount "98"]
[EventDate "2018.09.24"]
[EventType "team-swiss"]
[EventRounds "11"]
[EventCountry "GEO"]
[SourceTitle "EXT 2020"]
[Source "ChessBase"]
[SourceDate "2019.10.17"]
[SourceVersion "1"]
[SourceVersionDate "2019.10.17"]
[SourceQuality "1"]
[WhiteTeam "Lithuania (W)"]
[BlackTeam "Kazakhstan (W)"]
[WhiteTeamCountry "LTU"]
[BlackTeamCountry "KAZ"]

1. Nf3 d5 2. g3 c6 3. Bg2 Bg4 4. d4 Nd7 5. Nbd2 Ngf6 6. 0-0 e6 7. Re1 Be7 8. e4 0-0 9. c4 Bh5 10. e5 Ne8 11. b3 a5 12. a4 Nc7 13. Ba3 Bxa3 14. Rxa3 Na6 15. Nf1 Nb4 16. Ne3 f6 17. cxd5 cxd5 18. g4 Bg6 19. Nh4 Bf7 20. Nf3 fxe5 21. dxe5 Bg6 22. Nd4 Qe7 23. Ra1 Kh8 24. Nec2 Nd3 25. Re2 N7xe5 26. Ne1 Be4 27. Nxd3 Nxd3 28. Bxe4 dxe4 29. Raa2 Rf4 30. h3 Rd8 31. Qa1 h5 32. f3 Qc5 33. Rxe4 Rxe4 34. fxe4 Qxd4+ 35. Qxd4 Rxd4 36. gxh5 Rxe4 37. Rc2 Kh7 38. Rc3 Nf4 39. Kf2 Nxh5 40. Rc7 Rb4 41. Rc5 Nf4 42. Kg3 Nd5 43. Rxa5 Rxb3+ 44. Kg4 Kg6 45. Ra7 Nf6+ 46. Kf4 Nd7 47. a5 Rb4+ 48. Kg3 Nc5 49. h4 Kh5 0-1

[Event "Olympiad Women-43"]
[Site "Batumi"]
[Date "2018.09.28"]
[Round "5.18"]
[White "Batyte, Daiva"]
[Black "De Seroux, Camille"]
[Result "1-0"]
[WhiteElo "2172"]
[BlackElo "2175"]
[PlyCount "51"]
[EventDate "2018.09.24"]
[EventType "team-swiss"]
[EventRounds "11"]
[EventCountry "GEO"]
[SourceTitle "EXT 2020"]
[Source "ChessBase"]
[SourceDate "2019.10.17"]
[SourceVersion "1"]
[SourceVersionDate "2019.10.17"]
[SourceQuality "1"]
[WhiteTeam "Lithuania (W)"]
[BlackTeam "Switzerland (W)"]
[WhiteTeamCountry "LTU"]
[BlackTeamCountry "SUI"]

1. Nf3 Nf6 2. g3 g6 3. Bg2 Bg7 4. 0-0 0-0 5. c4 d6 6. Nc3 Nc6 7. d3 e5 8. b3 Re8 9. Bb2 e4 10. Nxe4 Nxe4 11. Bxg7 Kxg7 12. dxe4 Rxe4 13. e3 Re8 14. Qd2 Qf6 15. Nd4 Bd7 16. Nb5 Rac8 17. f4 a6 18. Nc3 Be6 19. Rae1 Qd8 20. e4 f5 21. Nd5 fxe4 22. Qc3+ Kh6 23. Bxe4 Bxd5 24. cxd5 Nb8 25. g4 Qd7 26. Bf5 1-0

[Event "EU-ch (Women) 19th"]
[Site "Stary Smokovec"]
[Date "2018.04.14"]
[Round "7"]
[White "Chan, Naruna"]
[Black "Batyte, Daiva"]
[Result "0-1"]
[WhiteElo "1909"]
[BlackElo "2165"]
[PlyCount "94"]
[EventDate "2018.04.08"]
[EventType "swiss"]
[EventRounds "11"]
[EventCountry "SVK"]
[SourceTitle "CBM 184 Extra"]
[Source "ChessBase"]
[SourceDate "2018.06.28"]
[SourceVersion "1"]
[SourceVersionDate "2018.06.28"]
[SourceQuality "1"]

1. e4 e6 2. d4 d5 3. Bd3 dxe4 4. Bxe4 Nf6 5. Bf3 c5 6. Ne2 Nc6 7. Be3 cxd4 8. Nxd4 Bd7 9. 0-0 Be7 10. Nc3 0-0 11. Qe2 Qc8 12. Nxc6 Bxc6 13. Rfd1 e5 14. Bg5 Re8 15. Bxc6 Qxc6 16. Qxe5 Ba3 17. Qb5 Qxb5 18. Nxb5 Bxb2 19. Rab1 Be5 20. f4 Bb8 21. Bxf6 gxf6 22. g3 a6 23. Nd4 b5 24. Nf5 Ba7+ 25. Kf1 Red8 26. Ke2 Re8+ 27. Kf3 h5 28. Rd7 Bc5 29. Rbd1 Rac8 30. R1d2 Bb4 31. Rg2 Rc3+ 32. Rd3 Rc5 33. g4 hxg4+ 34. Rxg4+ Kh7 35. Rg7+ Kh8 36. Kg4 Rxf5 37. Rxf7 Rc5 38. Rh3+ Kg8 39. Rhh7 f5+ 40. Kg5 Bc3 41. Ra7 Rc6 42. Kxf5 Rf8+ 43. Ke4 Re6+ 44. Kd3 Bf6 45. Rhd7 Rfe8 46. c4 Re2 47. cxb5 axb5 0-1

[Event "LTU-ch (Women)"]
[Site "Kaunas"]
[Date "2018.03.03"]
[Round "2"]
[White "Batyte, Daiva"]
[Black "Plutaite, Ausra"]
[Result "1-0"]
[WhiteElo "2184"]
[BlackElo "1381"]
[PlyCount "38"]
[EventDate "2018.03.02"]
[EventType "swiss"]
[EventRounds "7"]
[EventCountry "LTU"]
[SourceTitle "EXT 2019"]
[Source "ChessBase"]
[SourceDate "2018.10.10"]
[SourceVersion "1"]
[SourceVersionDate "2018.10.10"]
[SourceQuality "1"]

1. c4 c5 2. Nc3 Nc6 3. g3 g6 4. Bg2 Bg7 5. e3 Nf6 6. Nge2 0-0 7. 0-0 d6 8. d4 cxd4 9. exd4 Bg4 10. h3 Bf5 11. Be3 Qc8 12. g4 Bd7 13. Rc1 h5 14. g5 Nh7 15. Kh2 e5 16. d5 Ne7 17. Ne4 Nf5 18. N4g3 Nxe3 19. fxe3 Qd8 1-0